Datum a čas kvízu
32
Celkem bodů
Celkový počet nahraných bodů na tomto kvízu bez doplňovacích otázek.
4.
Pořadí na kvízu
Konečné umístění týmu na tomto kvízu.
Zaznamenané odpovědi
| # | Otázka | Odpověď | Body | Výsledky |
|---|---|---|---|---|
| 1. | V sobotu se v Praze odehrál za... | Tatra 815 | 0.5 | |
| 2. | Mluvčí afghánského radikálního... | Tálibán | 1 | |
| 3. | Hudební festival TrutnOFF Brno... | Parov Stelar | 1 | |
| 4. | Minulý týden vydal Krajský sou... | Mladá fronta | 0 | |
| 5. | V Los Angeles se v sobotu utka... | Tyson Fury | 1 | |
| 6. | Na tento týden připadá období... | bachyně | 1 | |
| 7. | S tímto zvláštně vypadajícím p... | (prase) bradavičnaté | 1 | |
| 8. | Již delší dobu se experimentuj... | xenotransplantace | 1 | |
| 9. | Prase je čistotné a inteligent... | D | 1 | |
| 10. | Obliba miniprasátek jako domác... | Wilbur | 0 |